[Event "CAPA 5/02 email"]
[Site "Argentina"]
[Date "2001.??.??"]
[Round "?"]
[White "Arias Duval, Gonzalo Carlos"]
[Black "Albornoz, Nelson"]
[Result "0-1"]
[WhiteElo "2350"]
[BlackElo "2075"]
[PlyCount "32"]
[EventDate "2001.??.??"]
[EventType "tourn (corr)"]
[EventRounds "6"]
[EventCountry "ARG"]
[SourceTitle "Corr 2002"]
[Source "ChessBase"]
[SourceDate "2002.05.23"]
[SourceVersion "1"]
[SourceVersionDate "2002.05.23"]
[SourceQuality "1"]

1. e4 e5 2. Nf3 Nf6 3. d4 Nxe4 4. Bd3 d5 5. Nxe5 Nd7 6. Qe2 Qe7 7. Nxf7 Qxf7 8. f3 Ndf6 9. Nd2 Be7 10. fxe4 Bg4 11. Qe3 dxe4 12. Nxe4 0-0-0 13. 0-0 Rhe8 14. Qg5 Qe6 15. Nc5 Qg8 16. Nb3 Rd5 0-1

[Event "EM/7/I/11 corr"]
[Site "CAPA email"]
[Date "1999.??.??"]
[Round "4"]
[White "Longoni, Diego"]
[Black "Albornoz, Nelson"]
[Result "1-0"]
[WhiteElo "2000"]
[BlackElo "2116"]
[PlyCount "91"]
[EventDate "1999.08.16"]
[EventType "tourn (corr)"]
[EventRounds "6"]
[EventCountry "ARG"]
[SourceTitle "Corr 2002"]
[Source "ChessBase"]
[SourceDate "2002.05.23"]
[SourceVersion "1"]
[SourceVersionDate "2002.05.23"]
[SourceQuality "1"]

1. d4 Nf6 2. c4 g6 3. Nc3 Bg7 4. e4 d6 5. f3 0-0 6. Be3 c5 7. dxc5 dxc5 8. Qxd8 Rxd8 9. Bxc5 Nc6 10. Nd5 e6 11. Ne7+ Nxe7 12. Bxe7 Rd7 13. Ba3 b6 14. Nh3 Bb7 15. Nf2 Rad8 16. Rd1 Rxd1+ 17. Nxd1 Nh5 18. Nf2 f5 19. exf5 exf5 20. Nd3 a5 21. Be2 Bd4 22. Be7 Re8 23. Bg5 Kg7 24. Kd1 Nf6 25. Bd2 h6 26. Re1 g5 27. b3 Kg6 28. a3 f4 29. Kc2 Bc6 30. Bc3 Bxc3 31. Kxc3 Kf5 32. Nf2 Re3+ 33. Bd3+ Ke5 34. Rxe3+ fxe3 35. Nd1 g4 36. Be2 gxf3 37. gxf3 Kf4 38. Kd4 Bxf3 39. Bxf3 Kxf3 40. Nxe3 h5 41. b4 axb4 42. axb4 Nd7 43. Nf5 Kg4 44. Ke4 Kh3 45. Kd5 Kxh2 46. Kd6 1-0